000 00240nam a2200097Ia 4500
001 807608
005 20250826171234.0
008 250824s9999 xx 000 0 und d
245 0 _aŞAİRLER ŞEHRİ
_cBUKET UZUNER
260 _bEVEREST YAYINLARI
999 _c807608
_d807608